We met Jesus. (Record no. 5097)

000 -LEADER
fixed length control field 00528nam a2200181 a 4500
001 - CONTROL NUMBER
control field :::00002838$&:&@@
003 - CONTROL NUMBER IDENTIFIER
control field OkBaRHE
005 - DATE AND TIME OF LATEST TRANSACTION
control field 20000607103257.0
008 - FIXED-LENGTH DATA ELEMENTS--GENERAL INFORMATION
fixed length control field s1955 j 000 0 eng u
040 ## - CATALOGING SOURCE
Transcribing agency
100 1# - MAIN ENTRY--PERSONAL NAME
Personal name St. Clair, Ray.
245 10 - TITLE STATEMENT
Title We met Jesus.
260 ## - PUBLICATION, DISTRIBUTION, ETC. (IMPRINT)
Place of publication, distribution, etc Richmond, VA., :
Name of publisher, distributor, etc John Knox Press
Date of publication, distribution, etc 1955
300 ## - PHYSICAL DESCRIPTION
Extent 143 p. ;
Dimensions 21 cm.
650 ## - SUBJECT ADDED ENTRY--TOPICAL TERM
Topical term or geographic name as entry element Bible New Testament
General subdivision Biography
942 ## - ADDED ENTRY ELEMENTS (KOHA)
Source of classification or shelving scheme
Koha item type Books
Copies
Copy number Full call number Damaged status Not for loan Lost status Koha item type Date last seen Date acquired Withdrawn status Barcode Permanent Location Shelving location Source of classification or shelving scheme Price effective from
1BS 2430 .S72   Books2018-03-162010-04-14 2838RHEMA Bible Training CollegeGeneral Stacks 2010-04-14